Total Drama Island Contestants - Sudden Death - Statistics

General Stats
  • This quiz has been taken 431 times
  • The average score is 17 of 22
Answers on the Grid
Answers color-coded by a green-red scale on the quiz's grid according to % correct below.
Alejandro
Axel
Beth
Blaineley
Bowie
Brick
Bridgette
Cameron
Cody
Courtney
Dakota
Damien
Dave
DJ
Duncan
Ella
Eva
Ezekiel
Geoff
Gwen
Harold
Heather
Izzy
Jay
Jo
Justin
Katie
Laurie
Leshawna
Lightning
Lindsay
Max
Mike
Noah
Owen
Priya
Sadie
Sam
Samey
Scarlett
Sierra
Sky
Taylor
Tom
Trent
Tyler
Zee
Zoey
 
Answer Stats
Answer % Correct
Beth
84%
Cody
81%
Courtney
81%
Bridgette
79%
Duncan
79%
Izzy
79%
Ezekiel
78%
Owen
78%
DJ
77%
Gwen
77%
Heather
77%
Lindsay
77%
Geoff
76%
Harold
75%
Justin
75%
Katie
75%
Leshawna
74%
Eva
73%
Noah
71%
Sadie
71%
Trent
69%
Tyler
65%
No matching quizzes found
Score Distribution
Percent of People with Each Score
Percentile by Number Answered
Your Score History
You have not taken this quiz